Central Library OPAC University of Rajshahi
Normal view MARC view

Entry Personal Name

Number of records used in: 2

001 - CONTROL NUMBER

  • control field: 16328

003 - CONTROL NUMBER IDENTIFIER

  • control field: BD-RjUL

005 - DATE AND TIME OF LATEST TRANSACTION

  • control field: 20250729125928.0

008 - FIXED-LENGTH DATA ELEMENTS

  • fixed length control field: 250729|| aca||aabn | a|a d

040 ## - CATALOGING SOURCE

  • Original cataloging agency: BD-RjUL
  • Transcribing agency: BD-RjUL

100 ## - HEADING--PERSONAL NAME

  • Personal name: Sharp, R. Farquharson
  • Fuller form of name: (Robert Farquharson),
  • Dates associated with a name: 1864-1945

670 ## - SOURCE DATA FOUND

  • Source citation: Work cat.: (BD-RjUL)85358: Bjørnson, Bjørnstjerne, 1832-1910. 16327, Three dramas /, [1924]